| 000 | 01059nam0a22002891 4500 | ||
|---|---|---|---|
| 001 | rc\3293495 | ||
| 005 | 20130115145439.9 | ||
| 021 |
_aRU _b[72-1186] |
||
| 035 | _a(NLR Aleph) 007497419 | ||
| 090 |
_a7655037 _c7655038 |
||
| 100 | _a20130115d1971 |||y0rusy50 ca | ||
| 101 | 0 | _arus | |
| 102 | _aRU | ||
| 105 | _aa j ||||| | ||
| 200 | 1 |
_aДиагностика внутренних болезней _e[Учебник для мед. ин-тов] _fПод общ. ред. д-ра мед. наук М.Б. Шкляра |
|
| 205 | _a5-е изд., испр. и доп. | ||
| 210 |
_aКиев _cВища школа _d1971 |
||
| 215 |
_a515 с. _cил. _d27 |
||
| 320 | _aПредм. указ.: с. 505-513 | ||
| 606 |
_aВнутренние болезни _xДиагностика _jУчебники и пособия _2psbo |
||
| 700 | 1 |
_aШкляр _bБ. С. _f1895-1961 _gБорис Соломонович |
|
| 702 | 1 |
_aШкляр _bМ. Б. _4340 |
|
| 801 | 0 |
_aRU _bNLR _gpsbo |
|
| 801 | 1 |
_aRU _bELAR _2rusmarc |
|
| 852 |
_aNLR _j72-7/247 |
||
| 942 | _cBOOK | ||
| 980 | _aNB | ||